| 000 | 00522nam a2200145 a 4500 | ||
|---|---|---|---|
| 008 | 120416s1976 ||||||||||||||||| || u | ||
| 050 | _aHF 5827 Blo | ||
| 100 | _aBloom, Paul N | ||
| 245 | 1 | 0 | _aAdvertising, competition and public policy |
| 246 | _aa simulation study | ||
| 260 |
_aCambridge, Mass. _bBallinger _c[1976] |
||
| 300 | _axiii, 203p. | ||
| 350 | _a0.00 | ||
| 995 |
_D0.00 _FCBU-MAIN LIBRARY (Kitwe) _H1 _I0.00 _M1 _UAVAILABLE _ZAnnex Low-Usage Collection |
||
| 999 |
_c33636 _d33636 |
||